Score 0/17 Timer 02:00
1 Play Today
Clue Answer % Correct
_____ PythonMONTY
93.2%
Places where bats hang outCAVES
90.9%
Enthusiastic reviewsRAVES
87.7%
Subject of a Poe poemRAVEN
87.3%
Wall calendar pageMONTH
86.4%
End of a riverMOUTH
85.5%
With [last rung], Louisiana city meaning 'red stick'BATON
84.7%
Legal tenderMONEY
84.5%
Boca _____, FloridaRATON
83.4%
Clue Answer % Correct
With [first rung], Louisiana city meaning 'red stick'ROUGE
81.5%
Small coastal inletsCOVES
77.5%
_____ Island (Brooklyn area)CONEY
75%
A Japanese noodle dishRAMEN
72.2%
Path on which one travelsROUTE
69.9%
Martin Sheen's original first nameRAMÓN
66.6%
Group of quailsCOVEY
66.5%
Brandon who portrayed Superman in 2006ROUTH
65.1%

Today's Daily Dose

Remove Ads.
Support Sporcle.
Get the best of Sporcle when you Go Orange. This ad-free experience offers more features, more stats, and more fun while also helping to support Sporcle. Thank you for becoming a member.

You're not logged in!

Compare scores with friends on all Sporcle quizzes.
OR
Log In

Show Comments

Extras

Top Quizzes Today


Score Distribution

Your Account Isn't Verified!

In order to create a playlist on Sporcle, you need to verify the email address you used during registration. Go to your Sporcle Settings to finish the process.

Report this User

Report this user for behavior that violates our Community Guidelines.

Details: